00290nam a2200121Ia 4500008004100000082001700041100001900058245005300077250000800130260001400138300000800152650000800160191201s2001 xx 000 0 und d a658.049bMAI aTRIGG, Mahoney 0aInternational Business: A Managerial Perspective a2nd bPHIc2001 a897 aMBA